[Event "Mittelfranken-chTB2a 1920"]
[Site "Mittelfranken"]
[Date "2020.02.16"]
[Round "6.7"]
[White "Ihlefeldt, Ingolf"]
[Black "Taskin, Kadir"]
[Result "0-1"]
[WhiteElo "1497"]
[BlackElo "1796"]
[PlyCount "36"]
[EventDate "2019.10.13"]
[EventType "team-tourn"]
[EventRounds "9"]
[EventCountry "GER"]
[SourceTitle "EXT 2023"]
[Source "ChessBase"]
[SourceDate "2022.10.05"]
[SourceVersion "1"]
[SourceVersionDate "2022.10.05"]
[SourceQuality "1"]
[WhiteTeam "Bubenreuth"]
[BlackTeam "Fuerth SG II"]
[WhiteTeamCountry "GER"]
[BlackTeamCountry "GER"]

1. d4 d5 2. c4 e6 3. Nc3 Nf6 4. Nf3 Bb4 5. Bd2 0-0 6. e3 c5 7. Bd3 Nc6 8. 0-0 dxc4 9. Bxc4 cxd4 10. exd4 Nxd4 11. a3 Nxf3+ 12. gxf3 Be7 13. Qc2 Bd7 14. Bf4 Bc6 15. Qe2 Qa5 16. Bb5 Nd5 17. Bxc6 Nxf4 18. Qb5 Bd8 0-1

[Event "Mittelfranken-chTB2a 1617"]
[Site "Mittelfranken"]
[Date "2017.03.26"]
[Round "8.5"]
[White "Auth, Bernhard"]
[Black "Taskin, Kadir"]
[Result "1/2-1/2"]
[WhiteElo "1706"]
[BlackElo "1745"]
[PlyCount "81"]
[EventDate "2016.10.23"]
[EventType "team-tourn"]
[EventRounds "9"]
[EventCountry "GER"]
[SourceTitle "EXT 2022"]
[Source "ChessBase"]
[SourceDate "2021.10.06"]
[SourceVersion "1"]
[SourceVersionDate "2021.10.06"]
[SourceQuality "1"]
[WhiteTeam "Bad Windsheim/Ansbach"]
[BlackTeam "Fuerth SG"]
[WhiteTeamCountry "GER"]
[BlackTeamCountry "GER"]

1. d4 Nf6 2. Nf3 g6 3. Bg5 Bg7 4. Nbd2 d5 5. e3 h6 6. Bh4 g5 7. Bg3 Nh5 8. Bd3 Nxg3 9. fxg3 Nc6 10. c4 e5 11. cxd5 Qxd5 12. Bc4 Qd6 13. Qb3 0-0 14. 0-0 exd4 15. Nxd4 Nxd4 16. Bxf7+ Kh8 17. exd4 Qxd4+ 18. Rf2 Qxb2 19. Raf1 Bd7 20. Kh1 Qxb3 21. Nxb3 Bb5 22. Rc1 Be5 23. Nc5 Bd4 24. Rf5 Bxc5 25. Rcxc5 Rad8 26. h3 Bc6 27. Rf2 Kg7 28. Rcf5 Rd7 29. Bh5 Rxf5 30. Rxf5 Re7 31. Kg1 Be8 32. Bf3 c6 33. Kf2 Bg6 34. Ra5 b6 35. Ra3 c5 36. Be2 Rc7 37. Ke3 Be8 38. Kd2 b5 39. Ra5 c4 40. Kc3 Bc6 41. Bf3 1/2-1/2

[Event "Nuremberg Zabo op 17th"]
[Site "Nuremberg"]
[Date "2015.09.21"]
[Round "3"]
[White "Meyer, Robert"]
[Black "Taskin, Kadir"]
[Result "0-1"]
[WhiteElo "1571"]
[BlackElo "1731"]
[PlyCount "120"]
[EventDate "2015.09.21"]
[EventType "swiss"]
[EventRounds "5"]
[EventCountry "GER"]
[SourceTitle "EXT 2018"]
[Source "ChessBase"]
[SourceDate "2017.10.13"]
[SourceVersion "1"]
[SourceVersionDate "2017.10.13"]
[SourceQuality "1"]

1. d4 Nf6 2. g3 e6 3. Bg2 g6 4. Nf3 Bg7 5. 0-0 0-0 6. Nbd2 d5 7. Re1 b6 8. e4 Bb7 9. e5 Nfd7 10. c3 c5 11. b3 Nc6 12. Nf1 Qc7 13. Be3 a5 14. a4 h6 15. Qd2 Kh7 16. Rec1 Ne7 17. g4 f5 18. exf6 Nxf6 19. Bf4 Qd8 20. Ne5 Ne4 21. Bxe4 dxe4 22. dxc5 Qxd2 23. Bxd2 Bxe5 24. cxb6 Nd5 25. Ra2 Bf4 26. Be3 Bxe3 27. Nxe3 Nxb6 28. c4 Rfd8 29. Rac2 Rd3 30. c5 Nd5 31. c6 Bc8 32. Re2 Nxe3 33. Rxe3 Rxe3 34. fxe3 Kg7 35. Rc4 Ra6 36. Rxe4 Rxc6 37. Re5 Rb6 38. Rxa5 Rxb3 39. Kf2 Kf6 40. h3 Ra3 41. Rc5 Bd7 42. a5 Ke7 43. g5 h5 44. h4 Kd6 45. Rc4 e5 46. Rb4 Rxa5 47. Rb6+ Bc6 48. Rb8 Ra8 49. Rb2 Rf8+ 50. Ke2 Ra8 51. Rd2+ Kc7 52. Rc2 Kd6 53. Rd2+ Bd5 54. e4 Ra2 55. exd5 Rxd2+ 56. Kxd2 Kxd5 57. Kd3 e4+ 58. Ke2 Kd4 59. Kd2 e3+ 60. Ke1 Ke4 0-1

[Event "Mittelfranken-chTB2b 1213"]
[Site "Germany"]
[Date "2013.02.11"]
[Round "7.4"]
[White "Traut, Gerhard"]
[Black "Taskin, Kadir"]
[Result "1-0"]
[WhiteElo "1786"]
[BlackElo "1703"]
[PlyCount "95"]
[EventDate "2012.10.07"]
[EventType "team-tourn"]
[EventRounds "9"]
[EventCountry "GER"]
[SourceTitle "EXT 2019"]
[Source "ChessBase"]
[SourceDate "2018.10.10"]
[SourceVersion "1"]
[SourceVersionDate "2018.10.10"]
[SourceQuality "1"]
[WhiteTeam "Uttenreuth"]
[BlackTeam "Fuerth SG"]
[WhiteTeamCountry "GER"]
[BlackTeamCountry "GER"]

1. e4 e5 2. Nf3 Nc6 3. Bc4 Bc5 4. c3 d6 5. d4 exd4 6. cxd4 Bb4+ 7. Nc3 Bg4 8. 0-0 Qf6 9. Nd5 Qd8 10. Nxb4 Nge7 11. Nxc6 bxc6 12. Bxf7+ Kd7 13. h3 Qf8 14. hxg4 Qxf7 15. e5 h6 16. Re1 Qg8 17. Qe2 Re8 18. Qa6 Nc8 19. Be3 h5 20. g5 h4 21. Rac1 Qd5 22. Qc4 Nb6 23. Qxd5 Nxd5 24. Kf1 Nb4 25. Ke2 Rb8 26. a3 Nd5 27. Rc2 h3 28. gxh3 Rxh3 29. Rec1 Rf8 30. Ng1 Rh1 31. Kd2 dxe5 32. dxe5 Rf5 33. e6+ Ke7 34. Ne2 Rxc1 35. Rxc1 Nxe3 36. fxe3 c5 37. Nf4 Re5 38. b4 Rxg5 39. Rxc5 Rxc5 40. bxc5 g5 41. Nh3 Kxe6 42. Nxg5+ Kd5 43. Kc3 Kxc5 44. e4 Kd6 45. Kd4 c5+ 46. Kc4 Ke5 47. Kxc5 Kf4 48. Kd6 1-0

[Event "Mittelfranken-chTB2b 1213"]
[Site "Germany"]
[Date "2012.11.18"]
[Round "3.4"]
[White "Strobl, Thomas"]
[Black "Taskin, Kadir"]
[Result "1-0"]
[WhiteElo "1683"]
[BlackElo "1703"]
[PlyCount "25"]
[EventDate "2012.10.07"]
[EventType "team-tourn"]
[EventRounds "9"]
[EventCountry "GER"]
[SourceTitle "EXT 2019"]
[Source "ChessBase"]
[SourceDate "2018.10.10"]
[SourceVersion "1"]
[SourceVersionDate "2018.10.10"]
[SourceQuality "1"]
[WhiteTeam "Gunzenhausen/Weissenburg II"]
[BlackTeam "Fuerth SG"]
[WhiteTeamCountry "GER"]
[BlackTeamCountry "GER"]

1. d4 d5 2. e3 Nf6 3. Bd3 g6 4. f4 Nc6 5. Nf3 Ne4 6. Nbd2 f5 7. 0-0 Bg7 8. c4 e6 9. Qb3 0-0 10. cxd5 Nxd2 11. Bxd2 exd5 12. Rac1 Rb8 13. Rxc6 1-0

[Event "Mittelfranken-chTB2b 1213"]
[Site "Germany"]
[Date "2012.10.07"]
[Round "6.4"]
[White "Taskin, Kadir"]
[Black "Proeschel, Gerhard"]
[Result "1/2-1/2"]
[WhiteElo "1703"]
[BlackElo "1861"]
[PlyCount "75"]
[EventDate "2012.10.07"]
[EventType "team-tourn"]
[EventRounds "9"]
[EventCountry "GER"]
[SourceTitle "EXT 2019"]
[Source "ChessBase"]
[SourceDate "2018.10.10"]
[SourceVersion "1"]
[SourceVersionDate "2018.10.10"]
[SourceQuality "1"]
[WhiteTeam "Fuerth SG"]
[BlackTeam "Muehlhof/Schwabach"]
[WhiteTeamCountry "GER"]
[BlackTeamCountry "GER"]

1. e4 c5 2. c3 d6 3. Nf3 Nc6 4. d4 Nf6 5. Bd3 Bg4 6. Be3 Nd7 7. Nbd2 Rb8 8. h3 Bh5 9. g4 Bg6 10. Nh4 e6 11. Nxg6 hxg6 12. f4 Be7 13. g5 b5 14. Qf3 c4 15. Bc2 Qc7 16. f5 gxf5 17. exf5 e5 18. d5 Nd8 19. Ne4 f6 20. h4 Nf7 21. g6 Nh6 22. Ng3 Nc5 23. Bxc5 Qxc5 24. Ne4 Qc8 25. 0-0 Kd7 26. b4 a6 27. a4 Qb7 28. a5 Kc7 29. Rad1 Ng8 30. h5 Nh6 31. Kg2 Qc8 32. Nf2 Qd7 33. Rde1 Kc8 34. Nh3 Kc7 35. Re3 Rhe8 36. Nf2 Kb7 37. Ng4 Rh8 38. Nf2 1/2-1/2